000
00352nam a22001097a 4500
082
_a
891.432 / MEH/ D
100
_a
प्रो सतीश मेहता
_9
83809
245
_a
अक्ल की नही हाेती शक्ल
260
_a
भोपाल
_b
आईसेक्ट
_c
2023
650
_a
नाटक
942
_c
HIN
999
_c
68796
_d
68796